000 01126nam a22002777a 4500
005 20170124102958.0
010 _aA-760502
020 _c175.00
_a8170554095
035 _aA-760502
037 _bCen Lib/Ret
040 _aDPL
_bHN
082 _a821
_bवाजपेयी
100 _aवाजपेयी, उद्यन
_953748
245 _aकुछ वाक्य /
_cउद्यन वाजपेयी
246 _aKuch vaky
_bby Udyan Vajpeyi
260 _aनई दिल्ली
_bवाणी प्रकाशन
_c1995
270 _a21ए -दरिया गंज
_bनई ल्ली
_e110002
300 _a149पृष्ठ. :
_c20सेमी(सजिल्द)
_bचित्र.
500 _aसन्दर्भ ग्रन्थ सूची शामिल
650 _aहिंदी साहित्य
_953749
650 _aहिंदी काव्य-आकल्पन
_953750
650 _aHindi Literature
_953751
650 _aHindi poetry-Akalpan
_953752
700 _953319
942 _2ddc
_cHN
_h821
_mवाजपेयी
999 _c113763
_d113763